000 00767nam a2200253Ia 4500
003 OSt
005 20220925215430.0
006 a|||||r|||| 00| 0
007 ta
008 220923b |||||||| |||| 00| 0 eng d
037 _cGeneral Book
040 _aRTL
_cRTL
_beng
041 _2eng
_aeng
082 _aY9(T4), L6
100 _aGoodlad Sinclair
_9282866
245 0 _aConflict and consenses in higher education
260 _aLondon
_bHodder and Stoughton
_c1976
300 _aviii, 103p
_ccm.
490 _aHigher Education Today Series. Ed by W Roy Niblett
500 _aBibliography: P 92-95; Appendix: P 96-98
650 _aSociology of Education
942 _hY9(T4), L6
_cGB
_2CC
999 _c568796
_d568796